|
|
|
|
| LEADER |
01203ppm a22002898a 4500 |
| 001 |
00027253 |
| 005 |
20171026081022.0 |
| 008 |
111017s2008 ||||||viesd |
| 041 |
0 |
# |
|a vie
|
| 082 |
1 |
4 |
|b PH206N
|a 512
|
| 100 |
1 |
# |
|a Nguyễn, Trung Hiếu
|
| 245 |
1 |
0 |
|a Phép nội suy đa thức và các thuật toán
|b Khóa luận tốt nghiệp : Ngành Sư phạm Toán : Trình độ : Đại học
|c Nguyễn Trung Hiếu; Nguyễn Hữu Hiệu hướng dẫn
|
| 260 |
# |
# |
|b Trường Đại học Sư phạm Đồng Tháp
|c 2008
|a Đồng Tháp
|
| 300 |
# |
# |
|e 1 bản tóm tắt
|a 46 tr.
|c 30 cm.
|
| 500 |
# |
# |
|a ĐTTTS ghi: Bộ Giáo dục và Đào tạo Đồng Tháp. Trường Đại học Sư phạm Đồng Tháp
|
| 502 |
# |
# |
|a Thư mục : tr.46
|
| 650 |
|
|
|a Đại số
|
| 653 |
# |
# |
|a Thuật toán
|
| 653 |
# |
# |
|a Đa thức
|
| 700 |
1 |
# |
|a Nguyễn, Hữu Hiệu
|e hướng dẫn
|
| 852 |
# |
# |
|b Kho đọc
|j KD.0011767
|
| 852 |
# |
# |
|j KD.0011767
|
| 910 |
# |
# |
|a Ntuyet
|d 17/10/2011
|
| 980 |
# |
# |
|a Trung tâm Học liệu Lê Vũ Hùng, Trường Đại học Đồng Tháp
|